000 01128cam a2200289 4500
001 191624
003 SpMaBN
005 20250805044205.0
008 221005s1996 sp | o||| ||spa
016 7 _abimoBNE19971539918 [
_2SpMaBN]
017 _aM 45484-1996
_bOficina Depósito Legal Madrid
020 _a84-340-0886-6
024 7 _aNIPO 007-96-058-X
_2nipo
035 _a(OCoLC)36706389
040 _aSpMaBN
_bspa
_cSpMaBN
_erdc
080 _a025.4(460)
100 1 _aSan Segundo Manuel, Rosa
_9175278
245 1 0 _aSistemas de organización del conocimiento :
_bla organización del conocimiento en las bibliotecas españolas /
_cRosa San Segundo Manuel.
260 _a[Getafe] :
_bUniversidad Carlos III ;
_aMadrid :
_bBoletín Oficial del Estado,
_c1996.
300 _a317 p. ;
_c24 cm.
490 1 _aColección Monografías ;
_v15
650 7 _aClasificación bibliográfica.
_9146083
830 0 _aMonografías (Universidad Carlos III de Madrid)
_v15.
_9226049
852 _aES-MaACL
_jA-15035
_9198908
_bR.134126
_cDEPO1
_dOlim: 025.4 (460) SAN sis
942 _2udc
999 _c191624
_d191624